Statistieken voor Hongarije Trivia Quiz

Klik hier om de quiz te nemen!

Algemene statistieken

  • Deze quiz is 370 keer genomen
  • De gemiddelde score is 10 van 18

Antwoordstatistieken

HintAntwoord% Correct
HoofdstadBoedapest
98%
Rivier die door die stad looptDonau
87%
Beroemde Hongaarse stoofpotGoulash
76%
Rijk waar Hongarije deel van uitmaakte, dat in 1918 werd opgehevenOostenrijk-Hongarije
71%
Land waartegen Hongarije in 1956 in opstand kwamSovjet-Unie
69%
Beroemde uitvinding van Ernő RubikRubiks kubus
64%
Rood kruid dat wordt gebruikt om het bovenstaande op smaak te brengenPaprika
62%
Minister-president sinds 2010 die ervan wordt beschuldigd de democratie te ondermijnenViktor Orbán
58%
Grootste meer van Centraal-EuropaBalatonmeer
57%
Noem een ander land dan Hongarije dat een Oeraalse taal spreektFinland | Estland
57%
M-woord dat verwijst naar de Hongaarse etniciteitMagyar
54%
Valuta van HongarijeForint
42%
Bergketen die gedeeltelijk de Hongaarse laagvlakte omcirkeltKarpaten
42%
Teamsport gedomineerd door Hongarije tijdens de Olympische ZomerspelenWaterpolo
42%
Pianovirtuoos die de "Hongaarse Rapsodieën" componeerdeFranz Liszt
33%
Hongaars-Amerikaanse valutaspeculant die het onderwerp is van vele complottheorieënGeorge Soros
31%
Eerste koning van HongarijeStefanus I
26%
Hongaars-Amerikaanse wiskundige beschouwd als een van de meest intelligente mensen aller tijdenJohn von {Neumann}
22%

Scoreverdeling

Percentiel versus Aantal Correcte Antwoorden

Procent van Mensen met Elke Score

Uw Scoregeschiedenis

U heeft deze quiz nog niet genomen